| 000 | 00000nam##2200000za#4500 |
| 001 | 9.635827 |
| 003 | CaOODSP |
| 005 | 20250611103528 |
| 007 | cr ||||||||||| |
| 008 | 150407|2007||||xxc|||||o f|0| 0 fre|d |
| 020 | |a978-1-100-90048-3 |
| 040 | |aCaOODSP|bfre |
| 043 | |an-cn--- |
| 086 | 1 |aA52-123/2007F-PDF |
| 110 | 1 |aCanada. |bAgriculture et agroalimentaire Canada. |
| 245 | 10|aPourriture sèche fusarienne et pourriture des plantons dans les Maritimes |h[ressource électronique] |
| 260 | |aOttawa - Ontario : |bAgriculture et Agroalimentaire Canada |cc2007. |
| 300 | |a4p.|bphotographies |
| 590 | |a10-10-Supp|b2010-11-09 |
| 691 | 07|aCultures maraîchères|2gcpds |
| 691 | 07|aFongicide|2gcpds |
| 775 | 08|tFusarium dry rot and seed piece decay in the Maritimes |w(CaOODSP)9.691499 |
| 856 | 40|ahttp://publications.gc.ca|qPDF|s1849 Ko|uhttps://publications.gc.ca/collections/collection_2009/agr/A52-123-2007F.pdf |
| 986 | |aN° AAC 10351F |